|
|
|
|
| LEADER |
00764nam a2200229 i 4500 |
| 001 |
c000256638 |
| 003 |
CARM |
| 005 |
00000000000000.0 |
| 008 |
850318s1907 enk 0 eng d |
| 019 |
1 |
|
|a 8000192
|5 LACONCORD2021
|
| 035 |
|
|
|a (OCoLC)12906093
|5 LACONCORD2021
|
| 082 |
0 |
4 |
|a 170
|
| 100 |
1 |
|
|a Stephen, Leslie,
|c Sir,
|d 1832-1904.
|
| 245 |
1 |
4 |
|a The science of ethics.
|
| 250 |
|
|
|a 2d ed.
|
| 260 |
|
|
|a London :
|b Smith, Elder and co.,
|c 1907.
|
| 300 |
|
|
|a 444 p.
|
| 650 |
|
0 |
|a Ethics.
|
| 650 |
|
0 |
|a Ethics, Evolutionary.
|
| 852 |
8 |
|
|b CARM
|h A2:AQ08A0
|i B07483
|p 0331181
|f BK
|
| 999 |
f |
f |
|i dcd4c790-9fb4-5dcf-a3ee-d096e2bac784
|s 7a3fed55-7c08-5d26-9f69-796fbef22dd6
|
| 952 |
f |
f |
|p Can circulate
|a CAVAL
|b CAVAL
|c CAVAL
|d CARM 1 Store
|e B07483
|f A2:AQ08A0
|h Other scheme
|i book
|m 0331181
|